| 000 | 00994nam a22002777a 4500 | ||
|---|---|---|---|
| 005 | 20220329141240.0 | ||
| 008 | 971010s1989 r 10010 d | ||
| 010 | _a65117 | ||
| 011 | _a66089 | ||
| 035 | _a73982 | ||
| 082 |
_a635.063 _bC65 1989 |
||
| 111 | 0 | 0 |
_aCongreso Nacional de Ciencias Hortícolas ( _n3 _d: 1989 _c: Oaxtepec, Morelos) _926923 |
| 245 | _aPrograma y memoria de resúmenes | ||
| 260 |
_aOaxtepec, Mor. : _bLa Sociedad, _c1989 |
||
| 300 | _a89 p. | ||
| 500 | _a1992-149 | ||
| 590 |
_aBATCH-UPD _b10 _c20130110 _lUCH01 _h0624 |
||
| 590 |
_aBATCH-UPD _b10 _c20130410 _lUCH01 _h0307 |
||
| 590 |
_aBATCH-UPD _b10 _c20130914 _lUCH01 _h1032 |
||
| 590 |
_aCONVERSION _b10 _c20130109 _lUCH01 _h1335 |
||
| 650 | 1 | 4 |
_aHorticultura _xCongresos _xMéxico. _956319 |
| 710 | 0 |
_aSociedad Mexicana de Ciencias Hortícolas. _9108082 |
|
| 901 | _aBK | ||
| 949 |
_a635.063 C65 1989 _bF _cLIBRO _d-61614 _eLIBRO _fc.2 _h2950 _i73982 _si |
||
| 949 |
_a635.063 C65 1989 _bF _cLIBRO _d-6827 _eLIBRO _h2914 _i73982 _si |
||
| 999 |
_c65117 _d65117 |
||